Hands-On Machine Learning with Scikit-Learn, Keras, and TensorFlow (Record no. 832)

MARC details
000 -LEADER
Fixed length control field 00609nam a2200193 4500
003 - CONTROL NUMBER IDENTIFIER
Control field SEACOMEC
005 - DATE AND TIME OF LATEST TRANSACTION
Control field 20240528154859.0
008 - FIXED-LENGTH DATA ELEMENTS--GENERAL INFORMATION
Fixed length control field 240319b |||||||| |||| 00| 0 eng d
020 ## - INTERNATIONAL STANDARD BOOK NUMBER / ISBN
International Standard Book Number 9781098125974
Price Rs.3250.00
040 ## - CATALOGING SOURCE
Original cataloging agency SEACOMEC
041 ## - LANGUAGE CODE
Language code English
082 ## - DEWEY DECIMAL CLASSIFICATION NUMBER
Classification number 005.262
Book Number G377
100 ## - MAIN ENTRY--PERSONAL NAME
Personal name Géron, Aurélien
245 ## - TITLE STATEMENT
Title Hands-On Machine Learning with Scikit-Learn, Keras, and TensorFlow
Sub title Concepts, Tools, and Techniques to Build Intelligent Systems
Statement of responsibility Aurélien Géron
250 ## - EDITION STATEMENT
Edition statement 3rd
260 ## - IMPRINT
Place of publication Kolkata
Name of publisher Shroff/O'Reilly
Date of publication 2023
300 ## - PHYSICAL DESCRIPTION
Page / Vol. No 834p
Dimensions 22.9 x 17.8 x 4.3 cm
942 ## - ADDED ENTRY ELEMENTS (KOHA)
Koha item type Books
Holdings
Withdrawn status Lost status Source of classification Damaged status Not for loan Home library Current library Date acquired Total Checkouts Call number Accession number Date last seen Price effective from Koha item type
    Dewey Decimal Classification     SEACOM ENGINEERING COLLEGE SEACOM ENGINEERING COLLEGE 19/03/2024   005.262 G377 21499 19/03/2024 19/03/2024 Reference Books
© Seacom Engineering College, All rights reserved.      Powered by Koha